00617nam a22001817a 4500003000200000005001700002008004100019020002200060050002400082100002100106245007000127250001800197260003500215300002800250504006300278650005400341650004000395020240909123426.0240909b xxu||||| |||| 00| 0 eng d a978-1-5296-2823-4 aHV 11.8 b.W55 2024 aWilliams, Sarah  aThe practice educator's handbookcSarah Williams and Lynne Rutter aSixth edition aLondonbLearning Mattersc2024 aix, 224 pages ;c25cm.  aIncludes bibliographical references, glossary, and index.  aSocial work education--standards--Great Britain.  aEducator--handbooks, manuals, etc.